|
|
แสดงรายละเอียดบรรณานุกรม |
|
|
Brief Record
: Get Marc (ISO 2709)
: E-mail record
: |
|
|
| LEADER 00000nama 2200000uu 4500 | |||
| 001 180649 | |||
| 003 ULIBM | |||
| 008 040531s1980 th m m a000 0 eng d | |||
| 020 082-612-840-8 | |||
| 041 eng | |||
| 050 W18 B278p 1980 | |||
| 100 Barrows, Howard S. | |||
| 245 Problem-Based Learning : An approach to medical education /Howard S. Barrows, Robyn M. Tamblyn 001 | |||
| 246 Learning | |||
| 260 New York Springer 1980 | |||
| 300 206 p. | |||
| 650 Education,Medical | |||
| 998 1999-03-07 | |||
| 999 ^aใช้งานได้ทุกระบบ | |||
| คุณยังไม่ได้ล็อกอิน คุณสามารถมีกิจกรรมร่วมกับเว็บไซต์ได้ แต่ต้องล็อกอินก่อน :: |
|
| สถานะ | |||||||||
| 1. | หนังสือทั่วไป | W18 B278p 1980 | On Shelf ขอยืม | ||||||
| [แสดง 1/1 รายการ] | |||||||||
| รายการใกล้เคียง หัวเรื่อง [Education,Medical]
|
BibComment |
| คอมเมนท์ทรัพยากรรายการนี้ |
|
|